We accuse! : The story of the miscarriage of American justice in the case of J. Robert Oppenheimer /

Bibliographic Details
Main Author: Alsop, Joseph, 1910-1989
Other Authors: Alsop, Stewart
Format: Book
Language:English
Published: New York : Simon and Schuster, 1954.
Subjects:

MARC

Tag First Indicator Second Indicator Subfields
LEADER 00000cam a2200000 4500
001 in00000053863
005 20151008050907.0
008 730309s1954 nyu 00000 eng u
010 |a  54012966  
035 |a (OCoLC)00575849 
035 |9 AAG4101AM 
040 |c BLC  |d TXA  |d UtOrBLW 
049 |a TXAM  |c [245369] 
050 0 0 |a HD9698.U52  |b A66 
082 0 |a 925.3 
092 |a 351.74  |b A462w 
100 1 |a Alsop, Joseph,  |d 1910-1989. 
245 1 0 |a We accuse! :  |b The story of the miscarriage of American justice in the case of J. Robert Oppenheimer /  |c by Joseph and Stewart Alsop. 
264 1 |a New York :  |b Simon and Schuster,  |c 1954. 
300 |a 88 pages ;  |c 28 cm. 
336 |a text  |b txt  |2 rdacontent 
337 |a unmediated  |b n  |2 rdamedia 
338 |a volume  |b nc  |2 rdacarrier 
600 1 0 |a Oppenheimer, J. Robert,  |d 1904-1967. 
650 0 |a Internal security  |z United States. 
700 1 |a Alsop, Stewart. 
999 |a MARS 
999 f f |s ccfb8e98-8d95-3cb7-99ac-e269c41d512b  |i b65f1a4b-8177-390d-a98e-f19c5a3a3849  |t 0 
952 f f |p ric  |a Texas A&M University  |b Rellis Campus  |c Joint Library Facility  |d Remote Storage  |t 0  |e HD9698.U52 A66  |h Library of Congress classification  |i unmediated -- volume  |m A14800794672 
998 f f |a HD9698.U52 A66  |t 0  |l Remote Storage